000 00639nam a2200193 a 4500
005 20210223124933.0
008 030514s2002 mx r 000 0 spa d
020 _a8446019787
035 _aUPN01000124086
049 _aCG
050 4 _aLB2822.75 E6
_bE9.2
245 0 0 _aEvaluación del rendimiento, evaluación del aprendizaje /
_ccoord. Juan Fernández Sierra.
260 _aMadrid :
_bUniversidad Internacional de Andalucía :
_bAkal,
_c2002.
300 _a274 p.
440 0 _aSociedad, cultura y educación ;
_v5
650 4 _aEVALUACION EDUCATIVA -
_zESPAÑA
_913658
700 1 _aFernández Sierra, Juan,
_ecoord.
905 _aLibro
999 _c96265
_d96265